Programmirovanije, otladka i rešenije zadač na EVM jedinoj serii. Jazyk Fortran

Gespeichert in:
Bibliographische Detailangaben
Format: Buch
Veröffentlicht: Leningrad : Energoatomizdat, 1988
Tags: Tag hinzufügen
Keine Tags, Fügen Sie das erste Tag hinzu!

MARC

LEADER 00000nam a22000003a 4500
001 stu48003
005 20141122031559.4
008 ------s1988----xxr---------------------d
040 |a STU  |b slo 
041 0
044 |a xxr 
080 |a 681.3.06 
245 |a Programmirovanije, otladka i rešenije zadač na EVM jedinoj serii. Jazyk Fortran 
260 |a Leningrad :  |b Energoatomizdat,  |c 1988 
300 |a 202 s 
996 |b J81845  |c J*81845/K 18  |l JJK18  |s P  |a 0  |w stu48003_0001